De la ultra petita en el proceso penal chileno

Guardat en:
Dades bibliogràfiques
Autor principal: Meza Figueroa, Pablo (autor)
Format: Llibre
Idioma:espanyol
Publicat: Santiago Jurídica de Chile 1969
Matèries:
Etiquetes: Afegir etiqueta
Sense etiquetes, Sigues el primer a etiquetar aquest registre!

MARC

LEADER 00000nam a2200000 a 4500
001 UCS1238
003 CL-VaPUC
008 970509e19690000CL |||||||||||||||||spa|d
082 0 4 |a 345.8305  |b MEZ  |2 21 
100 |a Meza Figueroa, Pablo  |e autor  |9 738079 
245 1 0 |a De la ultra petita en el proceso penal chileno 
300 |a 111 p 
942 |c BK 
945 |d 19970509 00:00:00  |a paguirre 
260 |a Santiago  |b Jurídica de Chile  |c 1969 
650 7 |a DERECHO PENAL  |2 CL-VaPUC  |9 11 
650 0 |a Derecho procesal penal   |9 256392 
650 0 |a Delitos  |9 224143 
650 0 |a Responsabilidad penal  |9 254899 
650 0 |a Recurso de casación  |9 258890 
650 7 |a ULTRA PETITA  |2 CL-VaPUC  |9 385537 
651 7 |a CHILE  |2 CL-VaPUC  |9 385538 
583 |a last modification  |c 19970509 00:00:00  |k Rodrigo Vera 
999 |c 259338  |d 259336 
952 |0 0  |1 0  |4 0  |6 345_830500000000000_MEZ_1969  |7 0  |8 A  |9 284017  |a BIBDER  |b BIBDER  |d 2019-11-19  |i 1841971  |o 345.8305 MEZ 1969  |p 1841971  |r 2023-01-25  |w 2019-11-19  |y BK  |k DER